Bahnhöfe in Schwerin - Statistiken

Allgemein
  • Dieses Quiz wurde 40 mal gespielt
  • Das Durchschnittsergebnis liegt bei 6 aus 8
Antwortstatistiken
Antwort % Korrekt
Hauptbahnhof
100%
Mitte
97%
Süd
90%
Görries
70%
Lankow
57%
Wüstmark
57%
Margaretenhof
50%
Warnitz
43%
Keine übereinstimmenden Quizze gefunden
Verteilung der Resultate
Anzahl Personen mit jedem Resultat
Perzentil nach korrekt beantworteten Fragen
Ihre Resultats-Entwicklung
Sie haben dieses Quiz noch nicht gespielt